000
00243nam a2200109Ia 4500
008
190216s9999||||xx |||||||||||||| ||und||
100
_a
John Kenneth
245
0
_a
Oliver Twist
260
_b
Moohim Publicaion
650
_a
English
942
_c
BK
999
_c
13037
_d
13037